[Event "Omsk City-ch"]
[Site "Omsk"]
[Date "2008.02.07"]
[Round "3"]
[White "Krivko, Yuri"]
[Black "Golovan, Igor Ivanovich"]
[Result "1-0"]
[WhiteElo "2300"]
[BlackElo "2153"]
[PlyCount "25"]
[EventDate "2008.02.06"]
[EventType "swiss"]
[EventRounds "11"]
[EventCountry "RUS"]
[SourceTitle "EXT 2009"]
[Source "ChessBase"]
[SourceDate "2008.11.26"]
[SourceVersion "1"]
[SourceVersionDate "2008.11.26"]
[SourceQuality "1"]

1. d4 d5 2. Nf3 Nf6 3. Bf4 c6 4. c3 Bf5 5. Nbd2 e6 6. e3 h6 7. h3 Nbd7 8. Be2 Be7 9. 0-0 0-0 10. Qb3 Qb6 11. c4 Ne4 12. c5 Qxb3 13. axb3 1-0

[Event "Petrov Memorial op"]
[Site "St Petersburg"]
[Date "2002.02.19"]
[Round "8"]
[White "Krivko, Yuri"]
[Black "Mukhin, Georgy"]
[Result "0-1"]
[WhiteElo "2273"]
[BlackElo "2373"]
[PlyCount "74"]
[EventDate "2002.02.12"]
[EventType "swiss"]
[EventRounds "9"]
[EventCountry "RUS"]
[SourceTitle "CBM 086 Extra"]
[Source "ChessBase"]
[SourceDate "2002.03.14"]
[SourceVersion "1"]
[SourceVersionDate "2002.03.14"]
[SourceQuality "1"]

1. d4 Nf6 2. Nf3 g6 3. Bf4 Bg7 4. Nbd2 d6 5. h3 c5 6. e3 cxd4 7. exd4 Nc6 8. c3 0-0 9. Be2 e5 10. dxe5 dxe5 11. Bg5 h6 12. Bxf6 Qxf6 13. 0-0 Bf5 14. Nc4 e4 15. Nfd2 Rad8 16. Bg4 Bxg4 17. hxg4 b5 18. Ne3 Qh4 19. Qe2 f5 20. gxf5 gxf5 21. Rfd1 Ne5 22. Nef1 Nd3 23. Rab1 Rd6 24. Ng3 Nf4 25. Qxb5 Qg4 26. Qb3+ Kh8 27. Ndf1 Rg6 28. Ne3 Qg5 29. Rd7 Nd3 30. Rf7 Nxf2 31. Rxf8+ Bxf8 32. Ngxf5 Nd3 33. Qd5 Bc5 34. Kh1 Rd6 35. Qf7 Rf6 36. Qe8+ Rf8 37. Qc6 Rxf5 0-1

[Event "Petrov Memorial op"]
[Site "St Petersburg"]
[Date "2002.02.17"]
[Round "6"]
[White "Krivko, Yuri"]
[Black "Ambrus, Endre"]
[Result "1-0"]
[WhiteElo "2273"]
[BlackElo "2407"]
[PlyCount "71"]
[EventDate "2002.02.12"]
[EventType "swiss"]
[EventRounds "9"]
[EventCountry "RUS"]
[SourceTitle "CBM 086 Extra"]
[Source "ChessBase"]
[SourceDate "2002.03.14"]
[SourceVersion "1"]
[SourceVersionDate "2002.03.14"]
[SourceQuality "1"]

1. d4 Nc6 2. Nf3 d6 3. Bf4 g6 4. e3 Bg7 5. c3 Nf6 6. h3 0-0 7. Be2 Ne4 8. Nbd2 Nxd2 9. Nxd2 e5 10. Bh2 Qg5 11. Bf3 d5 12. Nb3 e4 13. Bf4 Qe7 14. Be2 g5 15. Bh2 f5 16. c4 f4 17. cxd5 Nb4 18. Bc4 Qd6 19. Nc5 b5 20. Bb3 Bf5 21. 0-0 Nxd5 22. exf4 gxf4 23. Bxf4 Qxf4 24. Bxd5+ Kh8 25. Bxa8 Rxa8 26. Qb3 Bxd4 27. Qd5 Bxc5 28. Qxc5 Rg8 29. Qd4+ Rg7 30. Qd8+ Rg8 31. Qf6+ Rg7 32. Rad1 h6 33. Rd7 Qg5 34. Qxg7+ Qxg7 35. Rxg7 Kxg7 36. Rc1 1-0

[Event "Petrov Memorial op"]
[Site "St Petersburg"]
[Date "2002.02.12"]
[Round "1"]
[White "Chuprov, Dmitry"]
[Black "Krivko, Yuri"]
[Result "1-0"]
[WhiteElo "2484"]
[BlackElo "2273"]
[PlyCount "129"]
[EventDate "2002.02.12"]
[EventType "swiss"]
[EventRounds "9"]
[EventCountry "RUS"]
[SourceTitle "CBM 086 Extra"]
[Source "ChessBase"]
[SourceDate "2002.03.14"]
[SourceVersion "1"]
[SourceVersionDate "2002.03.14"]
[SourceQuality "1"]

1. e4 e6 2. d4 d5 3. Nc3 dxe4 4. Nxe4 Bd7 5. Nf3 Bc6 6. Bd3 Nd7 7. 0-0 Ngf6 8. Ng3 Bxf3 9. Qxf3 c6 10. b3 Qc7 11. Nh5 Nxh5 12. Qxh5 Nf6 13. Qf3 0-0-0 14. Be3 Bd6 15. g3 h5 16. c4 h4 17. Rfd1 hxg3 18. hxg3 Qa5 19. a3 Qh5 20. Qxh5 Rxh5 21. Be2 Rhh8 22. b4 Kb8 23. Bf3 Rd7 24. Kg2 Rhd8 25. Rab1 e5 26. dxe5 Bxe5 27. Rxd7 Rxd7 28. Re1 Bc3 29. Bf4+ Kc8 30. Rh1 Bb2 31. Rb1 Bd4 32. g4 Re7 33. b5 cxb5 34. cxb5 Be5 35. Be3 Kb8 36. a4 Bc7 37. Rh1 Re8 38. Bd2 Nd7 39. a5 Ne5 40. Rh7 Nxf3 41. Kxf3 Be5 42. Rh1 Kc7 43. Rb1 a6 44. bxa6 bxa6 45. Rb6 Re6 46. Bf4 Kd7 47. Bxe5 Rxe5 48. Rxa6 Ke7 49. Kf4 f6 50. Ra7+ Ke6 51. Kf3 Rb5 52. Ke3 g5 53. a6 Ra5 54. Kd4 Ra4+ 55. Kc5 Rxg4 56. Rc7 Ra4 57. Kb6 g4 58. a7 f5 59. Rc5 Rxa7 60. Kxa7 Kf6 61. Kb6 f4 62. Kc6 f3 63. Kd6 g3 64. fxg3 f2 65. Rc1 1-0

[Event "RUS-chT Sibirian Zone"]
[Site "Omsk"]
[Date "2001.10.13"]
[Round "9"]
[White "Krivko, Yuri"]
[Black "Drozdov, Igor"]
[Result "1-0"]
[WhiteElo "2283"]
[BlackElo "2456"]
[PlyCount "129"]
[EventDate "2001.10.05"]
[EventType "team-tourn"]
[EventRounds "9"]
[EventCountry "RUS"]
[SourceTitle "CBM 085 Extra"]
[Source "ChessBase"]
[SourceDate "2002.01.21"]
[SourceVersion "1"]
[SourceVersionDate "2002.01.21"]
[SourceQuality "1"]

1. d4 Nf6 2. Nf3 g6 3. c3 Bg7 4. Bf4 d6 5. Nbd2 Nh5 6. Bg3 Nd7 7. e3 Nxg3 8. hxg3 Nf6 9. Qb3 0-0 10. a4 Qe8 11. Bb5 c6 12. Be2 Rb8 13. Qa3 Qd8 14. 0-0 Re8 15. Rfd1 Qc7 16. Bc4 h6 17. Qb3 e5 18. dxe5 dxe5 19. Qc2 e4 20. Nd4 b6 21. Be2 a6 22. a5 b5 23. c4 Rb7 24. Rdc1 Qd6 25. cxb5 cxb5 26. Qc6 Rd7 27. N2b3 Nd5 28. Qxd6 Rxd6 29. Rc5 Bf8 30. Rd1 Nb4 31. Rc7 Rdd8 32. Rd2 Bd6 33. Rc1 Be5 34. Nc5 Bg7 35. Rcd1 f5 36. Ndb3 Rxd2 37. Rxd2 Be5 38. g4 Kg7 39. gxf5 gxf5 40. Bh5 Rg8 41. g3 Kf6 42. Kf1 Ke7 43. Nd4 Rd8 44. g4 Bxd4 45. exd4 Kf6 46. gxf5 Bxf5 47. Bd1 Kg5 48. Bb3 Kf4 49. Be6 Bh7 50. d5 Nd3 51. b4 Nxb4 52. d6 Nd3 53. Nb7 Rxd6 54. Nxd6 Ke5 55. Nxb5 Kxe6 56. Nc7+ Kd6 57. Nxa6 Kc6 58. f4 Kb7 59. Nb4 h5 60. Nxd3 exd3 61. Kf2 Bf5 62. Ke3 h4 63. Rg2 h3 64. Rg5 h2 65. Rh5 1-0

[Event "RUS-chT Sibirian Zone"]
[Site "Omsk"]
[Date "2001.10.08"]
[Round "4"]
[White "Starosek, Konstantin"]
[Black "Krivko, Yuri"]
[Result "1/2-1/2"]
[WhiteElo "2490"]
[BlackElo "2283"]
[PlyCount "88"]
[EventDate "2001.10.05"]
[EventType "team-tourn"]
[EventRounds "9"]
[EventCountry "RUS"]
[SourceTitle "EXT 2002"]
[Source "ChessBase"]
[SourceDate "2001.11.25"]
[SourceVersion "1"]
[SourceVersionDate "2001.11.25"]
[SourceQuality "1"]

1. Nf3 d5 2. g3 Nf6 3. Bg2 e6 4. 0-0 Be7 5. d3 b6 6. Nbd2 Bb7 7. e4 0-0 8. e5 Nfd7 9. Re1 c5 10. Nf1 Nc6 11. h4 Re8 12. N1h2 f6 13. exf6 Bxf6 14. Ng4 Nf8 15. Bg5 Bxg5 16. Nxg5 Qd6 17. f4 e5 18. c4 Nd4 19. Nxe5 Re7 20. cxd5 Bxd5 21. Nc4 Rxe1+ 22. Qxe1 Qc6 23. Ne5 Qb7 24. Bxd5+ Qxd5 25. Qe4 Rd8 26. Ngf7 Qxe4 27. dxe4 Ne2+ 28. Kf2 Rd2 29. b3 Nd4+ 30. Kg1 Ne2+ 31. Kf2 Nd4+ 32. Kg1 Ne2+ 33. Kf2 Nd4+ 34. Kf1 Nc2 35. Rc1 Ne3+ 36. Ke1 Rxa2 37. Nd6 Ng2+ 38. Kf1 Ne3+ 39. Ke1 Ng2+ 40. Kf1 Ne3+ 41. Ke1 Ng2+ 42. Kf1 Ne3+ 43. Ke1 Ng2+ 44. Kf1 Ne3+ 1/2-1/2

[Event "St Petersburg White Nights op"]
[Site "St Petersburg"]
[Date "2001.06.17"]
[Round "9"]
[White "Krivko, Yuri"]
[Black "Pronin, Valery"]
[Result "1-0"]
[WhiteElo "2240"]
[BlackElo "2096"]
[PlyCount "69"]
[EventDate "2001.06.09"]
[EventType "swiss"]
[EventRounds "9"]
[EventCountry "RUS"]
[SourceTitle "CBM 082 Extra"]
[Source "ChessBase"]
[SourceDate "2001.07.03"]
[SourceVersion "1"]
[SourceVersionDate "2001.07.03"]
[SourceQuality "1"]

1. d4 e6 2. Nf3 Nf6 3. Bg5 h6 4. Bh4 Be7 5. e3 0-0 6. Bd3 b6 7. 0-0 Bb7 8. c4 c5 9. dxc5 bxc5 10. Nc3 d5 11. cxd5 exd5 12. Rc1 Nbd7 13. Qe2 Ne4 14. Bxe7 Qxe7 15. Rfd1 Rac8 16. Rc2 Ndf6 17. Ba6 Rfd8 18. Nxe4 Nxe4 19. h3 Rd6 20. Bxb7 Qxb7 21. Rdc1 Rf6 22. Qd3 Rd8 23. Ne5 Qe7 24. Ng4 Rg6 25. b3 h5 26. Nh2 Qh4 27. f3 Ng5 28. Kh1 Ne6 29. f4 Rg3 30. Nf1 d4 31. Nxg3 dxe3 32. Qxe3 Nxf4 33. Rc4 g5 34. Nf5 Nxg2 35. Kxg2 1-0

[Event "St Petersburg White Nights op"]
[Site "St Petersburg"]
[Date "2001.06.16"]
[Round "8"]
[White "Kholmov, Ratmir D"]
[Black "Krivko, Yuri"]
[Result "1-0"]
[WhiteElo "2420"]
[BlackElo "2240"]
[PlyCount "83"]
[EventDate "2001.06.09"]
[EventType "swiss"]
[EventRounds "9"]
[EventCountry "RUS"]
[SourceTitle "CBM 082 Extra"]
[Source "ChessBase"]
[SourceDate "2001.07.03"]
[SourceVersion "1"]
[SourceVersionDate "2001.07.03"]
[SourceQuality "1"]

1. e4 e6 2. d3 d5 3. Nd2 Nf6 4. Ngf3 b6 5. c3 Bb7 6. e5 Nfd7 7. d4 Be7 8. Bd3 Ba6 9. Bxa6 Nxa6 10. Qc2 Nab8 11. 0-0 c5 12. c4 dxc4 13. Qe4 Na6 14. Nxc4 0-0 15. d5 exd5 16. Qxd5 Nc7 17. Qe4 Ne6 18. a4 Re8 19. Be3 Qc7 20. Nfd2 Rad8 21. f4 Bf8 22. Rac1 Nb8 23. f5 Nd4 24. Qg4 Nbc6 25. Bf4 Qd7 26. Bg3 Kh8 27. Ne4 Qd5 28. Kh1 Nb3 29. Rfd1 Nbd4 30. Rc3 f6 31. Ncd6 Bxd6 32. Nxd6 Re7 33. e6 Na5 34. b4 Nac6 35. bxc5 Kg8 36. Nf7 Rxf7 37. exf7+ Qxf7 38. cxb6 axb6 39. Rcd3 Qa2 40. Qe4 h6 41. Bc7 Rc8 42. Rxd4 1-0

[Event "St Petersburg White Nights op"]
[Site "St Petersburg"]
[Date "2001.06.12"]
[Round "4"]
[White "Klimov, Sergey"]
[Black "Krivko, Yuri"]
[Result "1-0"]
[WhiteElo "2438"]
[BlackElo "2240"]
[PlyCount "45"]
[EventDate "2001.06.09"]
[EventType "swiss"]
[EventRounds "9"]
[EventCountry "RUS"]
[SourceTitle "CBM 082 Extra"]
[Source "ChessBase"]
[SourceDate "2001.07.03"]
[SourceVersion "1"]
[SourceVersionDate "2001.07.03"]
[SourceQuality "1"]

1. d4 d5 2. c4 e6 3. Nc3 Nf6 4. Bg5 Be7 5. e3 h6 6. Bh4 0-0 7. Nf3 b6 8. Bd3 Bb7 9. 0-0 Nbd7 10. Qe2 Ne4 11. Bg3 Nxg3 12. fxg3 Nf6 13. Rad1 c5 14. Ne5 Rc8 15. Bb1 cxd4 16. exd4 dxc4 17. Qc2 Re8 18. g4 b5 19. h4 b4 20. g5 hxg5 21. hxg5 bxc3 22. gxf6 Bxf6 23. Rxf6 1-0

[Event "RUS-ch54 sf Sibiria"]
[Site "Novosibirsk"]
[Date "2001.04.??"]
[Round "6"]
[White "Grachev, Jury"]
[Black "Krivko, Yuri"]
[Result "1-0"]
[WhiteElo "2352"]
[BlackElo "2240"]
[PlyCount "120"]
[EventDate "2001.04.19"]
[EventType "swiss"]
[EventRounds "9"]
[EventCountry "RUS"]
[SourceTitle "CBM 082 Extra"]
[Source "ChessBase"]
[SourceDate "2001.07.03"]
[SourceVersion "1"]
[SourceVersionDate "2001.07.03"]
[SourceQuality "1"]

1. e4 e6 2. d4 d5 3. Nd2 Be7 4. Bd3 b6 5. Ngf3 Nf6 6. 0-0 Bb7 7. e5 Nfd7 8. c3 c5 9. Ne1 Nc6 10. Nc2 Qc7 11. f4 g6 12. Nf3 0-0-0 13. Be3 Kb8 14. g4 h5 15. Ng5 Bxg5 16. fxg5 Rdf8 17. b4 c4 18. Be2 hxg4 19. b5 Ne7 20. Bxg4 Ka8 21. Bf4 Nf5 22. Ne3 Qd8 23. a4 Rh4 24. Ra2 Rfh8 25. Ng2 R4h7 26. Qd2 a5 27. bxa6 Bxa6 28. Ne3 Ka7 29. Nxf5 gxf5 30. Bf3 Nf8 31. Rb2 Ng6 32. Rfb1 Nxf4 33. Qxf4 Rh4 34. Qc1 f4 35. Rg2 Rg8 36. Kh1 Rxg5 37. Rxg5 Qxg5 38. Qb2 Qd8 39. Qb4 Rh8 40. Rb2 Qc7 41. Rg2 Rh3 42. Bg4 Rh7 43. Qf8 Qc8 44. Qd6 Qb8 45. Qxb8+ Kxb8 46. Rf2 Bc8 47. Rxf4 Bd7 48. Bd1 Be8 49. h4 Kc7 50. Kh2 Kd8 51. Kh3 Rg7 52. Rg4 Rh7 53. Rf4 Rg7 54. Rf1 Ke7 55. Bc2 Bd7 56. Rb1 f6 57. Rxb6 fxe5 58. dxe5 Rg1 59. h5 Be8 60. Rb7+ Kf8 1-0

[Event "RUS-ch54 sf Sibiria"]
[Site "Novosibirsk"]
[Date "2001.04.??"]
[Round "4"]
[White "Krivko, Yuri"]
[Black "Shushpanov, Rustam"]
[Result "1/2-1/2"]
[WhiteElo "2240"]
[BlackElo "2378"]
[PlyCount "64"]
[EventDate "2001.04.19"]
[EventType "swiss"]
[EventRounds "9"]
[EventCountry "RUS"]
[SourceTitle "CBM 082 Extra"]
[Source "ChessBase"]
[SourceDate "2001.07.03"]
[SourceVersion "1"]
[SourceVersionDate "2001.07.03"]
[SourceQuality "1"]

1. d4 c5 2. c3 Nf6 3. Nf3 g6 4. Bg5 Bg7 5. e3 0-0 6. Nbd2 d6 7. Be2 Be6 8. 0-0 Qb6 9. Qc2 Rc8 10. Bc4 Bxc4 11. Nxc4 Qa6 12. Ncd2 Nbd7 13. Qb3 Rab8 14. a4 Qd3 15. Rfe1 h6 16. Bxf6 Nxf6 17. Rad1 b5 18. dxc5 bxa4 19. Qxa4 dxc5 20. Nc4 Qe4 21. Nfd2 Qa8 22. Qc2 Ne8 23. Qe4 Qxe4 24. Nxe4 f5 25. Ned2 Rc6 26. Ra1 a6 27. Ra5 Nc7 28. Kf1 Rb5 29. Rea1 Rxa5 30. Rxa5 Kf7 31. Nb3 Nb5 32. Ke2 g5 1/2-1/2

[Event "RUS-ch54 sf Sibiria"]
[Site "Novosibirsk"]
[Date "2001.04.??"]
[Round "7"]
[White "Krivko, Yuri"]
[Black "Zaitsev, Vadim"]
[Result "1/2-1/2"]
[WhiteElo "2240"]
[BlackElo "2426"]
[PlyCount "90"]
[EventDate "2001.04.19"]
[EventType "swiss"]
[EventRounds "9"]
[EventCountry "RUS"]
[SourceTitle "CBM 082 Extra"]
[Source "ChessBase"]
[SourceDate "2001.07.03"]
[SourceVersion "1"]
[SourceVersionDate "2001.07.03"]
[SourceQuality "1"]

1. d4 Nf6 2. Nf3 g6 3. Bg5 Bg7 4. Nbd2 d5 5. e3 c5 6. c3 Nc6 7. Be2 0-0 8. 0-0 b6 9. Qa4 Bd7 10. Qa3 c4 11. b3 cxb3 12. axb3 Re8 13. Ba6 Ne4 14. Nxe4 dxe4 15. Nd2 h6 16. Bh4 g5 17. Bg3 e5 18. Bb7 Rb8 19. Bxc6 Bxc6 20. Nc4 Bb5 21. Qxa7 Rc8 22. Rfd1 Bxc4 23. bxc4 Rxc4 24. dxe5 Qc7 25. Qxc7 Rxc7 26. Rab1 Rxc3 27. Rxb6 h5 28. h4 gxh4 29. Bxh4 Rxe5 30. Bg3 Rg5 31. Rd8+ Kh7 32. Rd7 Rf5 33. Re7 Rc4 34. Rbb7 Kg6 35. Rec7 Rxc7 36. Rxc7 Rd5 37. Rc4 Kf5 38. Kh2 Rd2 39. Rc5+ Kg6 40. Rb5 Bf6 41. Rb6 Kf5 42. Rb5+ Kg4 43. Rb4 Kf5 44. Rb5+ Kg6 45. Rb6 Kf5 1/2-1/2

[Event "RUS-ch sf"]
[Site "Novosibirsk"]
[Date "1998.??.??"]
[Round "?"]
[White "Iskusnyh, Sergei"]
[Black "Krivko, Yuri"]
[Result "1-0"]
[WhiteElo "2455"]
[BlackElo "2240"]
[PlyCount "151"]
[EventDate "1998.??.??"]
[EventType "swiss"]
[EventRounds "9"]
[EventCountry "RUS"]
[SourceTitle "EXT 2000"]
[Source "ChessBase"]
[SourceDate "1999.11.16"]
[SourceVersion "1"]
[SourceVersionDate "1999.11.16"]
[SourceQuality "1"]

1. Nf3 Nf6 2. c4 e6 3. Nc3 d5 4. d4 Be7 5. Qc2 0-0 6. Bg5 h6 7. Bxf6 Bxf6 8. Rd1 c6 9. e3 Nd7 10. Bd3 b6 11. 0-0 Bb7 12. e4 Rc8 13. cxd5 cxd5 14. e5 Be7 15. Qe2 Re8 16. Rc1 Qc7 17. Bb5 Qd8 18. a3 Ra8 19. Na4 Rc8 20. g3 Rc7 21. Rc3 Rxc3 22. Nxc3 Qc7 23. Rc1 Rc8 24. Kg2 Qd8 25. Bd3 Nf8 26. h4 Rc7 27. Rb1 Bc6 28. Nd1 Ba4 29. Ne3 Qc8 30. Qd2 Bb3 31. Rh1 Ba4 32. Rb1 a5 33. Ng1 f6 34. exf6 Bxf6 35. Nf3 Be8 36. Ng4 Qd8 37. Nge5 Nd7 38. Re1 Nxe5 39. Nxe5 Bxe5 40. Rxe5 Qf6 41. Qe3 Bf7 42. h5 Rc8 43. g4 Qh4 44. f3 Rc6 45. Qf4 Rc8 46. Qe3 Rc6 47. Qd2 Kh8 48. Qf4 Bg8 49. Re2 Rc8 50. Qe3 Rc6 51. Rc2 Rxc2+ 52. Bxc2 Qf6 53. Kg3 Bh7 54. Ba4 Bb1 55. Bd7 Qd8 56. Bxe6 Qc7+ 57. Qf4 Qd8 58. Qf7 Bd3 59. Bxd5 Qd6+ 60. f4 Qb8 61. Qb7 Qxb7 62. Bxb7 Kg8 63. f5 Kf7 64. Kf4 Kf6 65. Bf3 Bb5 66. d5 Bc4 67. d6 Bb5 68. Bd5 Bd7 69. Ke4 Bb5 70. Be6 Be2 71. Kf4 Bd1 72. d7 Ke7 73. g5 Bxh5 74. f6+ gxf6 75. gxh6 Bg6 76. Bf5 1-0

[Event "RUS-ch sf"]
[Site "Novosibirsk"]
[Date "1998.??.??"]
[Round "?"]
[White "Krivko, Yuri"]
[Black "Kravtsov, Sergey"]
[Result "1/2-1/2"]
[WhiteElo "2240"]
[BlackElo "2415"]
[PlyCount "87"]
[EventDate "1998.??.??"]
[EventType "swiss"]
[EventRounds "9"]
[EventCountry "RUS"]
[SourceTitle "EXT 2000"]
[Source "ChessBase"]
[SourceDate "1999.11.16"]
[SourceVersion "1"]
[SourceVersionDate "1999.11.16"]
[SourceQuality "1"]

1. d4 Nf6 2. c4 c5 3. d5 b5 4. cxb5 a6 5. b6 e6 6. Nc3 exd5 7. Nxd5 Nxd5 8. Qxd5 Nc6 9. Nf3 Rb8 10. e4 Be7 11. Bc4 0-0 12. 0-0 Rxb6 13. Qh5 d6 14. Ng5 Bxg5 15. Bxg5 Qe8 16. Rad1 Ne5 17. Be2 Rxb2 18. Rxd6 f6 19. Qxe8 Rxe8 20. Rd2 Rb4 21. Be3 Rxe4 22. Rc1 c4 23. Rc3 Bf5 24. h3 Bg6 25. Rd6 f5 26. f3 Nxf3+ 27. Bxf3 Rxe3 28. Rxc4 Bf7 29. Rc7 R3e7 30. Rxe7 Rxe7 31. Rxa6 h5 32. Ra5 g6 33. Kf2 Kg7 34. a4 Kf6 35. h4 Rc7 36. Rb5 Rc4 37. a5 Rxh4 38. Rb6+ Ke5 39. Bc6 Rf4+ 40. Ke1 Bc4 41. Bf3 g5 42. a6 Bxa6 43. Rxa6 g4 44. Be2 1/2-1/2

[Event "RUS-ch sf"]
[Site "Novosibirsk"]
[Date "1998.??.??"]
[Round "?"]
[White "Krivko, Yuri"]
[Black "Sutyrin, Denis"]
[Result "0-1"]
[WhiteElo "2240"]
[BlackElo "2180"]
[PlyCount "62"]
[EventDate "1998.??.??"]
[EventType "swiss"]
[EventRounds "9"]
[EventCountry "RUS"]
[SourceTitle "EXT 2000"]
[Source "ChessBase"]
[SourceDate "1999.11.16"]
[SourceVersion "1"]
[SourceVersionDate "1999.11.16"]
[SourceQuality "1"]

1. d4 d5 2. Nf3 Nf6 3. c4 c6 4. Nc3 e6 5. Bg5 dxc4 6. e4 b5 7. e5 h6 8. Bh4 g5 9. Nxg5 hxg5 10. Bxg5 Be7 11. exf6 Bxf6 12. Bxf6 Qxf6 13. g3 Bb7 14. Bg2 Na6 15. Nxb5 cxb5 16. Bxb7 Nb4 17. 0-0 Rd8 18. Qd2 Nd5 19. a4 b4 20. Bc6+ Kf8 21. Bxd5 Rxd5 22. Qxb4+ Kg7 23. Qc3 Rdh5 24. h4 Qg6 25. d5+ f6 26. Qxc4 Rxh4 27. Qc7+ Kh6 28. Qc1+ Kh5 29. Ra3 Qg4 30. Qf4 Qxf4 31. gxf4 Kg4 0-1

[Event "RUS-ch sf"]
[Site "Novosibirsk"]
[Date "1998.??.??"]
[Round "?"]
[White "Zemerov, Vladimir"]
[Black "Krivko, Yuri"]
[Result "1-0"]
[WhiteElo "2330"]
[BlackElo "2240"]
[PlyCount "101"]
[EventDate "1998.??.??"]
[EventType "swiss"]
[EventRounds "9"]
[EventCountry "RUS"]
[SourceTitle "EXT 2000"]
[Source "ChessBase"]
[SourceDate "1999.11.16"]
[SourceVersion "1"]
[SourceVersionDate "1999.11.16"]
[SourceQuality "1"]

1. Nf3 d5 2. d4 Nf6 3. c4 e6 4. Nc3 Nbd7 5. e3 Be7 6. Bd3 0-0 7. b3 c5 8. 0-0 cxd4 9. exd4 dxc4 10. bxc4 b6 11. Bb2 Bb7 12. Qe2 Re8 13. Rad1 Qc7 14. Nb5 Qc6 15. Rc1 Bf8 16. Rfd1 a6 17. Nc3 Rad8 18. Qe3 Bd6 19. Bf1 Qc7 20. g3 Ng4 21. Qe2 e5 22. Nd5 Qb8 23. Nh4 h5 24. Bg2 exd4 25. Qd3 Bc5 26. Bxd4 Bxd4 27. Qxd4 Bxd5 28. cxd5 Re2 29. Rd2 Rxd2 30. Qxd2 Qe5 31. Re1 Qf6 32. h3 Nge5 33. Qe2 g6 34. f4 Re8 35. fxe5 Rxe5 36. Qf2 Rxe1+ 37. Qxe1 Ne5 38. Qe4 b5 39. Kh2 Nc4 40. Nf3 Qd6 41. Qe8+ Kg7 42. Qe4 Kg8 43. h4 Qf6 44. Qd4 Qd6 45. Nd2 Ne5 46. Ne4 Ng4+ 47. Kh1 Qa3 48. d6 Qc1+ 49. Qg1 Qxg1+ 50. Kxg1 Kf8 51. Nc5 1-0